| 000 | 00541ntaaa2200205 4500 | ||
|---|---|---|---|
| 003 | 01 | ||
| 005 | 20251027202635.0 | ||
| 008 | 0714s1973 ag 01 | ||
| 020 | _a842540844X | ||
| 040 |
_aAR-BaBN _bspa _cAR-BaBN _eaacr _dRIC |
||
| 082 | _a371.9000 Z1i | ||
| 100 |
_aZavalloni, Roberto _925370 |
||
| 245 | _aIntroducción a la pedagogía especial | ||
| 250 | _a1 ed. | ||
| 260 |
_aBarcelona : _bHerder, _c1973 |
||
| 300 | _a211 p | ||
| 500 | _aPedagogía para los inadaptados y diferenciados. | ||
| 650 |
_apedagogía _91020 |
||
| 942 | _cBK | ||
| 999 |
_c21534 _d21534 |
||